日本の空港から直行便がある空港 - Statistics

General Stats
  • This quiz has been taken 407 times
  • The average score is 233 of 334
Answer Stats
空港 目的地 % Correct
ソウル/仁川
97%
上海/浦東
97%
北京/首都
96%
上海/虹橋
96%
北京/大興
96%
上海/浦東、大連、北京/首都
96%
仙台 | 佐賀 | 函館 | +8 others 台北/桃園
95%
ニューヨーク/JFK
93%
パリ/CDG
92%
ニューヨーク/EWR
92%
ロンドン/LHR
92%
香港
91%
台北/松山
91%
バンコク/スワンナプーム
90%
バンコク/ドンムアン
90%
羽田 ソウル/金浦
90%
ロサンゼルス
90%
ハノイ
89%
釜山
88%
シンガポール
88%
シドニー
88%
デリー
85%
ホーチミン
84%
ジャカルタ
83%
ホノルル
82%
ローマ/フィウミチーノ
82%
クアラルンプール
81%
サンフランシスコ
80%
ドバイ
80%
イスタンブール
78%
マニラ
77%
マドリード
76%
フランクフルト
74%
メキシコシティ
74%
バンクーバー
73%
広州
72%
グアム
72%
シカゴ/オヘア
72%
シカゴ/ORD
71%
ヘルシンキ
69%
高雄
69%
メルボルン
69%
カイロ
68%
マカオ
67%
大連/水子
66%
大連
66%
シアトル
63%
ムンバイ
63%
トロント
60%
重慶
59%
深圳
58%
天津
58%
済州
58%
アムステルダム
58%
南京
58%
ドーハ
57%
ウランバートル
57%
ミュンヘン
56%
パース
56%
ダラス/フォートワース
55%
ダッカ
55%
台中
54%
武漢
54%
杭州
52%
ボストン
52%
青島
51%
西安
51%
西安/咸陽
51%
ヒューストン/インターコンチネンタル
50%
アブダビ
50%
ワルシャワ
50%
ヒューストン/IAH
50%
成都/天府
49%
ウィーン
49%
コペンハーゲン
47%
オークランド
47%
大邱
47%
ブリュッセル
46%
モントリオール
45%
サイパン
44%
ハルビン
43%
ブリスベン
43%
ケアンズ
42%
ケアンズ
42%
デトロイト
41%
セブ
41%
ダナン
37%
ワシントンDC/ダレス
37%
厦門
34%
サンディエゴ
34%
アディスアベバ
33%
カトマンズ
33%
コロンボ
33%
福州
31%
デンバー
30%
瀋陽
28%
サンノゼ
27%
ミネアポリス
26%
長春
26%
テルアビブ
26%
チェンマイ
26%
デンパサール
25%
昆明
24%
カルガリー
23%
コナ
23%
清州
18%
バンダルスリブガワン
18%
寧波
17%
石家荘
16%
タシュケント
15%
ベンガルール
15%
海口
15%
済南
14%
鄭州
11%
ナンディ
11%
パペーテ
10%
煙台
10%
蘭州
10%
クラーク
9%
合肥
8%
モンテレイ
6%
無錫
6%
太原
6%
南通
4%
三亜
4%
マナド
2%
常州
1%
No matching quizzes found
Score Distribution
Percent of People with Each Score
Percentile by Number Answered
Your Score History
You have not taken this quiz